| 000 | 01116cad a22002295a 4500 | ||
|---|---|---|---|
| 001 | L155866 | ||
| 008 | 120418e2012 xxk 000 0 eng d | ||
| 035 | _a(Sirsi) u155866 | ||
| 041 | 0 | _aeng | |
| 110 | 2 |
_aCushman & Wakefield _95888 |
|
| 245 | 0 | 0 |
_aFinancial Markets Weekly Snapshot - Week 16 _v16 April 2012 _h[electronic resource] |
| 260 |
_a[S.l.] _bCushman & Wakefield _c2012 |
||
| 490 | 0 |
_aCushman & Wakefield Financial Markets Weekly Snapshot _v16 April 2012 |
|
| 520 | _aReview of the past week's financial and real estate market data for the week commencing 16th April: interest rate swaps ; bonds; equities; spot fx rates; UK annual rpi/cpi data; UK IPD real estate data - February 2012; debt markets; and UK IPD property derivatives. | ||
| 590 | _aKA | ||
| 651 | 4 | _aUnited Kingdom | |
| 651 | 4 | _aEurope | |
| 651 | 4 | _aInternational | |
| 690 |
_aCommercial property _96227 |
||
| 856 | 4 | 0 |
_uhttps://www.cushwake.com/cwglobal/jsp/kcGlobalReportArchive.jsp?Country=GLOBAL&Language=EN&catId=100001§or=ALL _zView this report after free registration with Knowledge Center at www.cushwake.com |
| 942 | _n0 | ||
| 999 |
_c83922 _d83922 |
||